| 000 | 00515nam a2200169 a 4500 | ||
|---|---|---|---|
| 001 | 000035550 | ||
| 003 | DO-SdBNP | ||
| 005 | 20240301123749.0 | ||
| 008 | 111103s2011 dr 000 0 spa d | ||
| 040 |
_aDO-SdBNP _bspa _cBNPHU |
||
| 100 | 1 |
_aVargas García, Ysidro, _d1967- _961449 |
|
| 245 | 1 | 0 |
_aConoce tu candidato / _cYsidro Vargas García. |
| 260 |
_aSanto Domingo : _bIdeasinc, _c2011. |
||
| 300 |
_a76 p. ; _c22 cm. |
||
| 500 | _aIncluye datos biográficos del autor en la contracubierta | ||
| 942 |
_2ddc _cLBS1 |
||
| 999 |
_c35041 _d35041 |
||